000 00674nas a2200229 4500
001 BR9401877
003 BR-BrBNA
005 20231205093624.0
007 ta
008 230509b bl.|||p| |||| 00| 00por d
040 _aBR-BrBNA
_bpor
_cBiblioteca Nacional de Agricultura
041 _a(Pt)
072 _aH20; F01
100 1 _aFortes, J.F.
245 1 _aTratamento de inverno no controle da podridao parda em pessegueiro
650 _aPessego
650 _aPodridao Parda
650 _aControle Quimico
773 0 _tHorti Sul (Brazil)
_xISSN 0103-3700
_g(Sep 1992), v. 2(4) p. 12-14
_wBR9401877
909 _a202311
_bLúcia
_c55
_dLúcia Elande
942 _2AGRIS
_n0
_cANA
999 _c139498
_d139498